Speech correction methods ; a manual of speech therapy and public school procedures.

Bibliographic Details
Main Author: Ainsworth, Stanley Humphreys, 1913-
Format: Book
Language:English
Published: New York : Prentice-Hall, 1948.
Subjects:

MARC

Tag First Indicator Second Indicator Subfields
LEADER 00000cam a2200000 4500
001 in00000083707
005 20151008053139.0
008 750430s1948 nyu b 00000 eng u
010 |a  48006797  
035 |a (OCoLC)01306192 
035 |9 AAH6408AM 
040 |c DZM  |d TXA  |d UtOrBLW 
049 |a TXAM  |c 1 [179872]  |c 2 [227611] 
050 0 0 |a LB3454  |b .A4 1948 
082 0 |a 372.4 
092 |a 372.4  |b A297s 
100 1 |a Ainsworth, Stanley Humphreys,  |d 1913- 
245 1 0 |a Speech correction methods ;  |b a manual of speech therapy and public school procedures. 
264 1 |a New York :  |b Prentice-Hall,  |c 1948. 
300 |a xi, 149 pages ;  |c 21 cm. 
336 |a text  |b txt  |2 rdacontent 
337 |a unmediated  |b n  |2 rdamedia 
338 |a volume  |b nc  |2 rdacarrier 
500 |a A revision of the author's Manual of speech therapy and public school procedures. 
504 |a Includes bibliographies. 
650 0 |a Speech. 
650 0 |a Stuttering. 
999 |a MARS 
999 f f |s 4fa607f9-03dc-31d4-b8a3-cb50fb93d96d  |i 0df793ee-e311-3b26-848c-b499f813293c  |t 0 
952 f f |p ric  |a Texas A&M University  |b Rellis Campus  |c Joint Library Facility  |d Remote Storage  |t 0  |e LB3454 .A4 1948  |h Library of Congress classification  |i unmediated -- volume  |m A14800850533 
998 f f |a LB3454 .A4 1948  |t 0  |l Remote Storage